Car Brands by Model Quiz Stats

 Plays Quiz Updated Jun 26, 2018

Score 0/22 Timer 05:00
7 Plays Today
Car Car Brand % Correct
Civic Honda
97.4%
MustangFord
97.2%
CorollaToyota
94.7%
BeetleVolkswagen
92.1%
CamaroChevrolet
88.5%
EscaladeCadillac
76.7%
DurangoDodge
72.9%
ContinentalLincoln/Bentley
70.3%
328iBMW
70%
SonataHyundai
68.3%
MiataMazda
67.9%
Car Car Brand % Correct
CayennePorsche
64%
ImprezaSubaru
63.4%
CubeNissan
61.7%
EnzoFerrari
58.9%
SebringChrysler
54.5%
EclipseMitsubishi
54.3%
SedonaKia
48.9%
DB5Aston Martin
47%
SwiftSuzuki
42.3%
S60Volvo
38.6%
ESLexus
28.2%

You're not logged in!

Compare scores with friends on all Sporcle quizzes.
OR
Log In

You Might Also Like...

Show Comments

Extras

Top Quizzes Today


Score Distribution

Your Account Isn't Verified!

In order to create a playlist on Sporcle, you need to verify the email address you used during registration. Go to your Sporcle Settings to finish the process.

Report this User

Report this user for behavior that violates our Community Guidelines.

Details: